ARRUPE JESUIT UNIVERSITY

CORONAVIRUS -STOP THE SPREAD - CLEAN,DISINFECT,COVER

Women in praise of the sacred : (Record no. 126748)

MARC details
000 -LEADER
fixed length control field 01194pam a2200289 a 4500
001 - CONTROL NUMBER
control field 2998918
003 - CONTROL NUMBER IDENTIFIER
control field ARRUPE
005 - DATE AND TIME OF LATEST TRANSACTION
control field 20170824093026.0
008 - FIXED-LENGTH DATA ELEMENTS--GENERAL INFORMATION
fixed length control field 931215s1994 nyu b 001 0 eng
010 ## - LIBRARY OF CONGRESS CONTROL NUMBER
LC control number 93047017
020 ## - INTERNATIONAL STANDARD BOOK NUMBER
International Standard Book Number 0060169877 :
Terms of availability $22.50 ($30.00 Can.)
040 ## - CATALOGING SOURCE
Original cataloging agency DLC
Transcribing agency DLC
Modifying agency DLC
050 00 - LIBRARY OF CONGRESS CALL NUMBER
Classification number PN6109.9
Item number .W65 1994
082 00 - DEWEY DECIMAL CLASSIFICATION NUMBER
Classification number 808.81/9382
Edition number 20
300 ## - PHYSICAL DESCRIPTION
Dimensions 24 cm.
245 00 - TITLE STATEMENT
Title Women in praise of the sacred :
Remainder of title 43 centuries of spiritual poetry by women /
Statement of responsibility, etc edited by Jane Hirshfield.
250 ## - EDITION STATEMENT
Edition statement 1st ed.
260 ## - PUBLICATION, DISTRIBUTION, ETC. (IMPRINT)
Place of publication, distribution, etc New York, NY :
Name of publisher, distributor, etc HarperCollins Pub.,
Date of publication, distribution, etc c1994.
300 ## - PHYSICAL DESCRIPTION
Extent xxiii, 259 p. ;
504 ## - BIBLIOGRAPHY, ETC. NOTE
Bibliography, etc Includes bibliographical references (p. 243-250) and index.
650 #0 - SUBJECT ADDED ENTRY--TOPICAL TERM
Topical term or geographic name as entry element Poetry
General subdivision Women authors.
9 (RLIN) 35147
650 #0 - SUBJECT ADDED ENTRY--TOPICAL TERM
Topical term or geographic name as entry element Poetry
General subdivision Women authors
-- Translations into English.
9 (RLIN) 35148
650 #0 - SUBJECT ADDED ENTRY--TOPICAL TERM
Topical term or geographic name as entry element Religious poetry
General subdivision Women authors.
9 (RLIN) 35149
650 #0 - SUBJECT ADDED ENTRY--TOPICAL TERM
Topical term or geographic name as entry element Religious poetry
General subdivision Women authors
-- Translations into English.
9 (RLIN) 35150
700 1# - ADDED ENTRY--PERSONAL NAME
Personal name Hirshfield, Jane,
Dates associated with a name 1953-
9 (RLIN) 35151
906 ## - LOCAL DATA ELEMENT F, LDF (RLIN)
a 7
b cbc
c orignew
d 1
e ocip
f 19
g y-gencatlg
942 ## - ADDED ENTRY ELEMENTS (KOHA)
Source of classification or shelving scheme Library of Congress Classification
Koha item type Monograph ( Printed materials)
Holdings
Withdrawn status Lost status Source of classification or shelving scheme Damaged status Not for loan Collection code Home library Current library Shelving location Date acquired Total Checkouts Full call number Barcode Date last seen Price effective from Koha item type
    Library of Congress Classification     Main Collection ARRUPE LIBRARY ARRUPE LIBRARY Main Collection 24/08/2017   PN6109.9 .W65 1994 46500023494 27/03/2019 24/08/2017 Monograph ( Printed materials)

 

Arrupe Library. PO Box MP320 Mt Pleasant, Harare, Zimbabwe
263 242 745411|librarian@aju.ac.zw